The Medieval Mediterranean between Islam and Christianity:Crosspollinations in Art, Architecture, and Material Culture

محفوظ في:

المؤلف الرئيسي: Sami Luigi De Giosa

مؤلفون آخرون: Nikolaos Vryzidis

التنسيق: كتاب

اللغة: Undetermined

منشور في: Cairo American University in Cairo 2025

الموضوعات:

الوسوم: إضافة وسم

لا توجد وسوم, كن أول من يضع وسما على هذه التسجيلة!

رقم الطلب: On Hold

LEADER 00841nam a2200193Ia 4500
005 20260324113531.0
008 260324s9999||||xx |||||||||||||| ||und||
020 |a 978-1649031877 
050 4 |a On Hold 
100 0 |a Sami Luigi De Giosa  
245 1 4 |a The Medieval Mediterranean between Islam and Christianity:Crosspollinations in Art, Architecture, and Material Culture  |c Sami Luigi De Giosa  
264 1 |a Cairo  |b American University in Cairo  |c 2025 
300 |a 307 pages, 16 unnumbered pages of plates  |b illustrations (some color)  |c 24 cm 
650 4 |a .Christian art and symbolism--Mediterranean Region--Medieval, 500-1500 
650 4 |a Architecture--Mediterranean Region--History 
650 4 |a Art, Medieval--Mediterranean Region 
650 4 |a slamic art and symbolism--Mediterranean Region--History 
700 0 |a Nikolaos Vryzidis 
999 |c 61922  |d 61922